Sacajawea : (Record no. 787)

MARC details
000 -LEADER
fixed length control field 01159nam a22003017a 4500
005 - DATE AND TIME OF LATEST TRANSACTION
control field 20230707143128.0
020 ## - INTERNATIONAL STANDARD BOOK NUMBER
International Standard Book Number 0448426161
020 ## - INTERNATIONAL STANDARD BOOK NUMBER
International Standard Book Number 0448425394 (pbk.)
040 ## - CATALOGING SOURCE
Original cataloging agency VVW
Transcribing agency VVW
Modifying agency DLC
Language of cataloging eng
050 00 - LIBRARY OF CONGRESS CALL NUMBER
Classification number F592.7.S123
Item number M55 2001
082 ## - DEWEY DECIMAL CLASSIFICATION NUMBER
Classification number 921
100 1# - MAIN ENTRY--PERSONAL NAME
Personal name Milton, Joyce.
245 10 - TITLE STATEMENT
Title Sacajawea :
Remainder of title her true story /
Statement of responsibility, etc. by Joyce Milton ; illustrated by Shelly Hehenberger.
250 ## - EDITION STATEMENT
Edition statement First Scholastic printing, November 2006
260 ## - PUBLICATION, DISTRIBUTION, ETC.
Place of publication, distribution, etc. New York :
Name of publisher, distributor, etc. Scholastic,
Date of publication, distribution, etc. 2006.
300 ## - PHYSICAL DESCRIPTION
Extent 48 pages :
Other physical details color illustrations, color maps ;
Dimensions 23 cm.
505 ## - FORMATTED CONTENTS NOTE
Formatted contents note O <br/>
520 ## - SUMMARY, ETC.
Summary, etc. A biography of the Shoshoni Indian woman who played an important role in guiding the Lewis and Clark expedition through the Northwest Territory of the United States in 1805-1806.
521 0# - TARGET AUDIENCE NOTE
Target audience note 600 <br/>
Source Lexile <br/>
521 0# - TARGET AUDIENCE NOTE
Target audience note O <br/>
Source Raz-Plus <br/>
650 #0 - SUBJECT ADDED ENTRY--TOPICAL TERM
Topical term or geographic name entry element Shoshoni women
Form subdivision Biography
-- Juvenile literature.
650 #0 - SUBJECT ADDED ENTRY--TOPICAL TERM
Topical term or geographic name entry element Shoshoni Indians
Form subdivision Biography
-- Juvenile literature.
700 1# - ADDED ENTRY--PERSONAL NAME
Personal name Hehenberger, Shelly,
Relator term illustrator.
906 ## - LOCAL DATA ELEMENT F, LDF (RLIN)
a 7
b cbc
c copycat
d 3
e ncip
f 20
g y-gencatlg
942 ## - ADDED ENTRY ELEMENTS (KOHA)
Source of classification or shelving scheme Dewey Decimal Classification
Koha item type Books
Suppress in OPAC No
999 ## -
-- 787
-- 787
Holdings
Withdrawn status Lost status Source of classification or shelving scheme Damaged status Not for loan Collection Home library Current library Shelving location Date acquired Total Checkouts Full call number Barcode Date last seen Date last checked out Price effective from Koha item type
    Dewey Decimal Classification     Non-Fiction Footprints International School Library Network Toul Kork Campus Footprints International School Library Network Toul Kork Campus TK Primary Library Room(4th Floor), Bookcase 3&4, Shelves 17-32, Yellow Books 07/07/2023 2 MIL 921 F592.S123 FISTK00698 12/03/2024 08/23/2024 07/07/2023 Books